|
|
|
|
| LEADER |
00000nam a2200000Ia 4500 |
| 008 |
180420b1991 cr ||||| |||| 00| | spa d |
| 999 |
|
|
|c 1787
|d 1787
|
| 090 |
|
|
|a 06.03.06
|b 338
|
| 100 |
1 |
|
|a Chavarría González, María Celina
|9 200
|
| 245 |
1 |
0 |
|a Escala de estructuración del centro infantil
|
| 260 |
|
|
|a San José, Costa Rica :
|b Oficina de Publicaciones de la Universidad de Costa Rica,
|c 1991
|
| 300 |
|
|
|a 42 páginas
|
| 500 |
|
|
|a Avance de investigación
|
| 650 |
1 |
4 |
|a EDUCACIÓN PREESCOLAR
|9 455
|
| 650 |
1 |
4 |
|a PROCESO DE APRENDIZAJE
|9 1523
|
| 650 |
1 |
4 |
|a DOCENTES
|9 331
|
| 650 |
1 |
4 |
|a ESTUDIANTES
|9 332
|
| 942 |
|
|
|i 00469,00956
|h 06.03.06 338
|2 z
|c 01
|